Fluid mechanics (Record no. 63180)

MARC details
000 -LEADER
fixed length control field 00640nam a2200157 a 4500
008 - FIXED-LENGTH DATA ELEMENTS--GENERAL INFORMATION
fixed length control field 120416s1966 ||||||||||||||||| || u
050 ## - LIBRARY OF CONGRESS CALL NUMBER
Classification number TA 357 Str
100 ## - MAIN ENTRY--PERSONAL NAME
Personal name Streeter, Victor Lyle
245 10 - TITLE STATEMENT
Title Fluid mechanics
250 ## - EDITION STATEMENT
Edition statement 4th.ed
260 ## - PUBLICATION, DISTRIBUTION, ETC.
Place of publication, distribution, etc. New York
Name of publisher, distributor, etc. McGraw-Hill
Date of publication, distribution, etc. 1966
300 ## - PHYSICAL DESCRIPTION
Extent ix, 705p. : ill
350 ## -
-- 0.00
995 ## -
-- BINDERY (DAMAGED)
-- 0.00
-- 726583
-- CBU-MAIN LIBRARY (Kitwe)
-- 2
-- 16.85
-- TA 357 Str
-- 1
-- DAMAGED
-- 014115
-- Main Library Open Access Collection
995 ## -
-- MAIN LIBRARY OPEN ACCESS
-- 0.00
-- 717009
-- CBU-MAIN LIBRARY (Kitwe)
-- 1
-- 16.85
-- TA 357 Str
-- 2
-- AVAILABLE
-- 014117
-- Main Library Open Access Collection
999 ## -
-- 63180
-- 63180
Holdings
Withdrawn status Lost status Source of classification or shelving scheme Damaged status Not for loan Permanent Location Current Location Shelving location Date acquired Total Checkouts Full call number Barcode Date last seen Price effective from Koha item type
          CBU-MAIN LIBRARY, KITWE. CBU-MAIN LIBRARY, KITWE.   12/24/2022   TA 357 Str 014115 12/24/2022 12/24/2022 MONOGRAPH
          CBU-MAIN LIBRARY, KITWE. CBU-MAIN LIBRARY, KITWE.   12/24/2022   TA 357 Str 014117 12/24/2022 12/24/2022 MONOGRAPH